| 000 | 00437nam a2200193Ia 4500 | ||
|---|---|---|---|
| 005 | 20240823034214.0 | ||
| 008 | 240823s9999||||xx |||||||||||||| ||und|| | ||
| 020 | _a81-7130-947-x | ||
| 041 | _aMALAYALAM | ||
| 082 | _A894.8121 N9 | ||
| 100 | _aMrinalini Vikram Sarabhai | ||
| 245 | 0 | _aKannan | |
| 250 | _a1st | ||
| 260 |
_c1999 _bCurrent Book |
||
| 500 | _aDISPLAY | ||
| 650 |
_aPoems _bGeneral |
||
| 942 | _cBK | ||
| 999 |
_c197684 _d197684 |
||